000 01093nam2a22002651 4500
001 v19\rc\1747801
005 20250619061526.0
035 _a(NLR Aleph) 004852853
090 _a4937939
_c4937939
100 _a20061204d1909 |||y0rusy50 ca
101 0 _arus
102 _aRU
105 _ay z |||||
200 0 _aза 1908 год
210 _d1909
_aБ. м.
215 _a43 с.
461 0 _1001v19\rc\1747795
_12001#$aОтчет о деятельности Общины сестер милосердия во имя св. апостола Павла...$vза 1908 год
_94937888
_aОбщина сестер милосердия во имя св. апостола Павла (Москва)
_cМосква
_d1902-1916
_tОтчет о деятельности Общины сестер милосердия во имя св. апостола Павла...
_vза 1908 год
801 0 _aRU
_bNLR
_gpsbo
801 0 _aRU
_bRuMoRGB
_2psbo
801 1 _aRU
_bProSoft-M
_2rusmarc
852 _aNLR
_j20.91.1.8(1908)
899 _aRuMoRGB
_jF 67/170
942 _cBOOK
980 _aNB